| 000 | 00600nam a2200217Ia 4500 | ||
|---|---|---|---|
| 003 | OSt | ||
| 005 | 20230504181459.0 | ||
| 008 | 210423s2018 xx 000 0 und d | ||
| 020 | _aEBK0460277 | ||
| 040 | _cAL | ||
| 041 | _aeng | ||
| 082 |
_a574.87 _223 _bRAGC |
||
| 100 |
_aRAGLAND (Annie);KUMARESAN (V);ARUMUGAM (N) _965481 |
||
| 245 | _aCell biology molecular biology and genetics | ||
| 260 |
_aNagercoil _bSaras Publication _c2018 |
||
| 300 |
_axxii,825 _bPB |
||
| 365 |
_b490 _cINR |
||
| 650 |
_aCell Biology _965482 |
||
| 906 | _abiology ; Cell ; genetics ; molecular | ||
| 942 |
_2ddc _cBK |
||
| 999 |
_c170951 _d170951 |
||